Top 10 Countries Where Religion Does Not Prevail - Statistics

General Stats
  • This quiz has been taken 308 times
  • The average score is 9 of 10
Answer Stats
Rank Hint Answer % Correct
5 Scandinavian unitary constitutional monarchy. Norway
96%
1 Scandinavian country in Northern Europe. Sweden
96%
10 Nordic country situated in the Fennoscandian region of Northern Europe. Finland
94%
2 Sovereign state in Northern Europe located partly in the Jutland peninsula. Denmark
91%
7 The largest country in Western Europe and the European Union. France
91%
6 Sovereign state located off the north-western coast of continental Europe. United Kingdom
87%
9 Island nation in East Asia. Japan
84%
4 Country in the Baltic region of Northern Europe. Estonia
83%
8 Landlocked country in Central Europe formerly known as Bohemia. Czech Republic
80%
3 Sovereign state located in East Asia covering approximately 9.6 million Km². China
79%
No matching quizzes found
Score Distribution
Percent of People with Each Score
Percentile by Number Answered
Your Score History
You have not taken this quiz